• 首页
  • 本馆介绍
  • 公告通知
  • 最新文献
  • 馆藏检索
  • 电子资源
  • 读者导购
  • 参考咨询
  • 我的图书馆
  • 登录
  • 详细信息显示
  • 放入我的书架
  • 预约/预借图书
  • 作者相关作品
  • 分类相关作品
  • 丛书相关作品
  • 出版社相关作品

书目信息

  • 表格格式
  • 工作单格式
  • 卡片格式
题名:
喵言喵语
    
 
作者: 雨田三石 编著
分册:  
出版信息: 北京   电子工业出版社  2019
页数: 208页
开本: 27cm
丛书名:
单 册:
中图分类: J228.5
科图分类:
主题词: 插图(绘画)--中国--现代--作品集
电子资源:
ISBN: 978-7-121-36310-8
000 00892nam0 2200253 450
001 489701
005 20140818094258.0
010    @a978-7-121-36310-8@dCNY99.00
099    @aCAL 012019087432
100    @a20190603d2019 em y0chiy0110 ea
101 0  @achi
102    @aCN@b110000
105    @aa z 000yy
106    @ar
200 1  @a喵言喵语@Amiao yan miao yu@e猫咪趣味彩绘插画集@f雨田三石编著
210    @a北京@c电子工业出版社@d2019
215    @a208页@c彩图@d27cm
330    @a本书以猫喻人, 治愈系的文字配上猫咪们神气活现的画面, 令你开心之余更获得思考与感悟, 以画面呈现的猫道理, 实际上又是人道理, 这里面有对猫的细致观察, 也有撸猫的快乐与幸福, 治愈你的各种无聊。
517 1  @a猫咪趣味彩绘插画集
606 0  @a插图(绘画)@y中国@z现代@j作品集
690    @aJ228.5@v5
701  0 @a雨田三石@Ayu tian san shi@4编著
801    @aCN@b江苏凤凰@c20211018
905    @b1356048-51@dJ228.5@e514@f4
    
    喵言喵语:猫咪趣味彩绘插画集/雨田三石编著.-北京:电子工业出版社,2019
    208页:彩图;27cm
    
    
    ISBN 978-7-121-36310-8:CNY99.00
    本书以猫喻人, 治愈系的文字配上猫咪们神气活现的画面, 令你开心之余更获得思考与感悟, 以画面呈现的猫道理, 实际上又是人道理, 这里面有对猫的细致观察, 也有撸猫的快乐与幸福, 治愈你的各种无聊。
●
相关链接 在E读中查询图书 在五车中查询图书 在当当中查询图书 在豆瓣中查询图书


正题名:喵言喵语     索取号:J228.5/514         预约/预借

序号 登录号 条形码 馆藏地/架位号 状态 备注
1 1356048   213560485   第一样本阅览室/ [索取号:J228.5/514] 在馆    
2 1356049   213560494   第一借阅区/ [索取号:J228.5/514] 在馆    
3 1356050   213560500   第一借阅区/ [索取号:J228.5/514] 在馆    
4 1356051   213560519   第一借阅区/ [索取号:J228.5/514] 在馆    
唐山师范学院图书馆 欢迎您!
大连网信软件有限公司© 版权所有